| 000 | 00450nam a2200193Ia 4500 | ||
|---|---|---|---|
| 008 | 170918s9999 xx 000 0 und d | ||
| 020 | _a9780439803854 | ||
| 050 | _bW549ba 2006 | ||
| 100 | _aWeyn, Suzanne | ||
| 245 | 4 | _aThe bar code rebellion / | |
| 245 | _cby Suzanne Weyn. | ||
| 260 | _aNew York : | ||
| 260 | _bScholastic, | ||
| 260 | _c2006 | ||
| 300 | _a265 pages : | ||
| 300 | _billustrations ; | ||
| 300 | _c17cm. | ||
| 500 | _a880 | ||
| 999 |
_c343797 _d343797 |
||